000 00606nam a2200205 a 4500
001 000023791
005 20200930022454.0
008 110113s1994 sp 000 f spa d
020 _a8420646350
040 _aDO-SdBNP
_bspa
_cBNPHU
082 _axxxxx
_bW915m
100 1 _aWoolrich, Cornell
_d1903-1963
_948971
245 1 3 _aLa marea roja /
_cCornell Woolrich , William Irish.
260 _aMadrid :
_bAnaya,
_bGrupo Anaya,
_c1994.
300 _a61 p. ;
_c15 cm.
490 1 _aAlianza cien ;
_v35
500 _aLibro de bolsillo
700 1 _aIrish, William
_948972
830 0 _aAlianza cien ;
_n35
_948973
999 _c23287
_d23287